000 01111nam a2200313 a 4500
001 57484
003 BD-RjUL
005 20211209080523.0
008 101216c19841982enka b 001 0 eng
020 _a0198740840
_c$12.50
020 _a0198740832
_c$27.50
035 _a(BD-RjUL) 57608
040 _aLC
_beng
_cLC
_dXNTU
_dBD-RjUL
041 _aeng
082 1 4 _a307.76091724
_223
_bGIC 1984
100 1 _aGilbert, Alan,
_d1944-
_9170703
245 1 0 _aCities, poverty and development :
_burbanization in the Third World /
_cby Alan Gilbert and Josef Gugler.
260 _aOxford ;
_aNew York :
_bOxford University Press,
_cc1981 [Reprinted 1984]
300 _aviii, 246 p. :
_bill. ;
_c25 cm.
500 _aIncludes indexes.
504 _aBibliography: p. [210]-235.
650 0 _aUrbanization
_zDeveloping countries.
_9170674
650 0 _aCities and towns
_zDeveloping countries
_xCase studies.
_9170704
650 0 _aHousing
_zDeveloping countries.
_9170705
650 0 _aPoor
_zDeveloping countries.
_9170706
650 0 _aSociology, Urban.
_9170707
700 1 _aGugler, Josef.
_9170676
942 _2ddc
_cBK
999 _c57484
_d57484